01042nam a22002295i 4500001000700000003000900007005001700016008004100033040002000074100004200094245016600136250002800302260003800330300002600368490008400394650003200478651002900510830009200539852003600631999001900667952012600686154737ES-MaACL20251003063135.0040709s1877 gw |||| | ger d aCAM bspa cCAM1 aGraetz, Heinrich, d1817-1891912752310aGeschichte der Juden von der Berbannung der Juden aus Spanien und Portugal (1496) bis zur dauernden Ansiedelung der Marranen in Holland (1618) / cvon H. Graetz. a2. ver. und verb. Aufl. aLeipzig : bOskar Leiner, c1877. aXI, 608 p. ; c21 cm.1 aGeschichte der Israeliten von den ästesten Zeiten bis auf die Gegenwart ; v9 aJudíos-vHistoria.913994 4aIsrael-xHistoria.988580 aGeschichte der Israeliten von den ästesten Zeiten bis auf die Gegenwart ; v99221509 aES-MaACLjG-2581 z-- Enc. hol. c154737d154737 001040708LIBXIXaATENEOMbATENEOMcDEPO2d2008-01-17eSSCl0oG-2581p1161845r2023-02-23 00:00:00w2023-02-23yMONANT